| 000 | 00397nam a2200145Ia 4500 | ||
|---|---|---|---|
| 008 | 240307s9999||||xx |||||||||||||| ||und|| | ||
| 020 | _a9789354665127 | ||
| 082 |
_a610 _bRAJ/H |
||
| 100 | _aRaje, VN | ||
| 245 | 0 | _aHospital and Clinical Pharmacy-II: for second year Diploma in Pharmacy | |
| 250 | _a4th Edition | ||
| 260 |
_aNew Delhi _bCBS Pub. & Distributors |
||
| 300 | _a210p. | ||
| 942 | _cBK | ||
| 999 |
_c43977 _d43977 |
||